Úvod do národohospodárskeho plánovania

Saved in:
Bibliographic Details
Main Author: Mokrý, Vladimír
Corporate Author: Vysoká škola ekonomická v Bratislave. Národohospodárska fakulta
Other Authors: Kosorín, František
Format: Book
Language:Slovak
Published: Bratislava Vysoká škola ekonomická 1989
Edition:1. vyd.
Tags: Add Tag
No Tags, Be the first to tag this record!

MARC

LEADER 00000nam a2200000 4500
001 c040713
005 20221215071759.4
041 0 |a slo 
044 |a SK 
245 1 0 |a Úvod do národohospodárskeho plánovania  |c Vladimír Mokrý, František Kosorín 
250 |a 1. vyd. 
264 1 |a Bratislava  |b Vysoká škola ekonomická  |c 1989 
300 |a 131 s. 
100 1 |a Mokrý, Vladimír 
700 1 |a Kosorín, František 
710 2 |a Vysoká škola ekonomická v Bratislave. Národohospodárska fakulta